• 首页
  • 本馆介绍
  • 公告通知
  • 最新文献
  • 馆藏检索
  • 电子资源
  • 读者导购
  • 参考咨询
  • 我的图书馆
  • 登录
  • 详细信息显示
  • 放入我的书架
  • 预约/预借图书
  • 作者相关作品
  • 分类相关作品
  • 丛书相关作品
  • 出版社相关作品

书目信息

  • 表格格式
  • 工作单格式
  • 卡片格式
题名:
漫画技法终极向导
    
 
作者: 林晃 著 ;张宏飞 译
分册: 1   简单基础篇
出版信息: 沈阳   辽宁科学技术出版社  2007
页数: 143页
开本: 21cm
丛书名:
单 册:
中图分类: J218.2
科图分类:
主题词: 漫画 , 技法(美术) , 漫画--技法(美术)
电子资源:
ISBN: 978-7-5381-4952-4
000 00898nam0 2200265 450
001 003412065
005 20070805093433.64
010    @a978-7-5381-4952-4@dCNY19.80@z7-5381-4952-X
100    @a20070423d2007 em y0chiy0110 ea
101 1  @achi@cjpn
102    @aCN@b210000
105    @aa z 000yy
200 1  @a漫画技法终极向导@9man hua ji fa zhong ji xiang dao@h1@i简单基础篇@f(日)林晃著@g张宏飞译
210    @a沈阳@c辽宁科学技术出版社@d2007
215    @a143页@c图@d21cm
305    @a日本株式会社グ ラ フイツケ社授权出版
330    @a本书讲述漫画基础知识,共分3章,内容包括:漫画的基础知识;人物表现的基本技巧;模仿专业作品的漫画技巧。
606 0  @a漫画
606 0  @a技法(美术)
606 0  @a漫画@x技法(美术)
690    @aJ218.2@v4
701  0 @c(日)@a林晃@9lin huang@f(1961~)@4著
702  0 @a张宏飞@9zhang hong fei@4译
801  0 @aCN@bNLC@c20070805
905    @a10447@dJ218.2@e544:1
    
    漫画技法终极向导.1.简单基础篇/(日)林晃著/张宏飞译.-沈阳:辽宁科学技术出版社,2007
    143页:图;21cm
    
    
    ISBN 978-7-5381-4952-4:CNY19.80
    本书讲述漫画基础知识,共分3章,内容包括:漫画的基础知识;人物表现的基本技巧;模仿专业作品的漫画技巧。
●
相关链接 在E读中查询图书 在五车中查询图书 在当当中查询图书 在豆瓣中查询图书


正题名:漫画技法终极向导     索取号:J218.2/544:1         预约/预借

序号 登录号 条形码 馆藏地/架位号 状态 备注
1 0807502   208075027   第一样本阅览室/ [索取号:J218.2/544:1] 在馆    
2 0807503   208075036   第一借阅区/ [索取号:J218.2/544:1] 在馆    
3 0807504   208075045   第一借阅区/ [索取号:J218.2/544:1] 在馆    
4 0807505   208075054   第一借阅区/ [索取号:J218.2/544:1] 在馆    
5 0807506   208075063   第一借阅区/ [索取号:J218.2/544:1] 在馆    
6 0807507   208075072   密集书库-美术系/ [索取号:J218.2/544:1] 在馆    
7 0807817   208078177   美术系资料室/ [索取号:J218.2/544:1] 在馆    
8 0807818   208078186   密集书库-美术系/ [索取号:J218.2/544:1] 在馆    
唐山师范学院图书馆 欢迎您!
大连网信软件有限公司© 版权所有